00940nam a2200193 i 4500001000300000245017800003260005500181300003000236490007200266650003500338650003800373710006700411830007300478040000800551041000700559080004100566008004100607856009800648bg10aNauka i technika w 1997 roku =bScience and technology in Poland 1997 /c[aut. Grażyna Niedbalska et al.] ; Główny Urząd Statystyczny. Departament Produkcji i Usług. aWarszawa :bGłówny Urząd Statystyczny,c1999. a167 s. :bwykr. ;c29 cm.1 aInformacje i Opracowania Statystyczne. Warunki Życia Środowisko 9aNaukazPolskaystan na 1997 r. 9aTechnikazPolskaystan na 1997 r. 0aGłówny Urząd StatystycznybDepartament Produkcji i Usług 0aInformacje i Opracowania Statystyczne.pWarunki Życia Środowisko cBPK0 apl a001:62](438)"1989/...":311.3(083.41) s pl f |000 0 pol  uhttp://koha.tu.koszalin.pl/cgi-bin/koha/opac-detail.pl?biblionumber=25357yKatalog online BPK